Представление документа в формате MARC21

ПолеНазваниеЗначение
  Тип записи a
  Библиографический уровень m
001 Контрольный номер RU\infra-m\znanium\bibl\2235902
005 Дата корректировки 20260429142327.6
008 Кодируемые данные 251216s2025 RU g rus u
020 Индекс ISBN __
a ISBN 978-5-16-010073-9
020 Индекс ISBN __
a ISBN 978-5-16-101798-2 (электр. издание)
040 Источник каталогиз. __
a Служба первич. каталог. Общество с ограниченной ответственностью «ЗНАНИУМ»
041 Код языка издания __
a Код языка текста rus
044 Код страны публикации __
a Код страны публикации RU
080 Индекс УДК __
a Индекс УДК 517.2(078.8)
084 Индекс другой классификации/Индекс ББК __
2 Источник индекса rubbk
a Индекс другой классификации/Индекс ББК 22.16я73
084 Индекс другой классификации/Индекс ББК __
2 Источник индекса okso
a Индекс другой классификации/Индекс ББК 01.03.01
084 Индекс другой классификации/Индекс ББК __
2 Источник индекса okso
a Индекс другой классификации/Индекс ББК 01.04.01
084 Индекс другой классификации/Индекс ББК __
2 Источник индекса okso
a Индекс другой классификации/Индекс ББК 02.03.01
100 Автор __
a Автор Шипачев В.С.
q Полное имя Шипачев Виктор Семенович
u Дополнение Московский государственный университет им. М.В. Ломоносова, факультет вычислительной математики и кибернетики
245 Заглавие __
a Заглавие Математический анализ. Теория и практика
b Продолж. заглавия Учебное пособие
c Ответственность Московский государственный университет им. М.В. Ломоносова, факультет вычислительной математики и кибернетики
250 Сведения об издании __
a Основные сведения об издании 3
260 Выходные данные __
a Место издания Москва
b Издательство ООО "Научно-издательский центр ИНФРА-М"
c Дата издания 2026
300 Физическое описание __
a Объем 351 с.
440 Серия __
a Серия Высшее образование
520 Аннотация __
a Аннотация В книге в доступной форме рассмотрены важнейшие понятия математического анализа функций одной переменной: числовые последовательности и их пределы; функции пределы и непрерывность функций; производные и интегралы их применения и приложения. Многочисленные подробно разобранные примеры и задачи способствуют глубокому освоению теории и позволяют развить самостоятельное математическое мышление. Вопросы для самопроверки позволяют проконтролировать степень усвоения материала. Для студентов очных и заочных отделений высших учебных заведений. Может быть полезна студентам техникумов и колледжей учащимся школ лицеев и гимназий.
521 Примеч. о цел. назн. __
a Примеч. о целев. назн. ВО - Бакалавриат
650 Тематические рубрики __
a Основная рубрика Физико-математические науки
x Основная подрубрика Математический анализ. Функциональный анализ
655 Указ. предметных рубрик (устаревшее) __
a Жанр/ форма (устаревшее) Учебное пособие
856 Электронный адрес документа 4_
a Имя сервера/домена znanium.ru
m Помощь ebs_support@infra-m.ru
n Местонахождение сервера НИЦ ИНФРА-М
u URL https://znanium.ru/catalog/document?id=474279
856 Электронный адрес документа 48
a Имя сервера/домена znanium.ru
d Путь /cover/2235
f Электронное имя 2235902.jpg
q Тип электронного формата image/jpeg
u URL https://znanium.ru/cover/2235/2235902.jpg
911 __
u 0030=https://znanium.ru/catalog/document?id=474279